Smith & wood's Employment law / (Record no. 5863)

MARC details
000 -LEADER
fixed length control field 00557nam a22001937a 4500
008 - FIXED-LENGTH DATA ELEMENTS--GENERAL INFORMATION
fixed length control field 140624b xxu||||| |||| 00| 0 eng d
020 ## - INTERNATIONAL STANDARD BOOK NUMBER
International Standard Book Number 9-7801-9956-5542
082 ## - DEWEY DECIMAL CLASSIFICATION NUMBER
Edition number 22 ed.
Classification number 344.4201
Item number SMI
100 ## - MAIN ENTRY--PERSONAL NAME
Personal name Smith, Ian
245 ## - TITLE STATEMENT
Title Smith & wood's Employment law /
Statement of responsibility, etc Ian Smith and Aaron Baker
250 ## - EDITION STATEMENT
Edition statement 10 ed.
260 ## - PUBLICATION, DISTRIBUTION, ETC. (IMPRINT)
Place of publication, distribution, etc USA :
Name of publisher, distributor, etc Oxford Univ. Press
Date of publication, distribution, etc 2010
300 ## - PHYSICAL DESCRIPTION
Extent xcvi, 744 P. ;
Dimensions 24 Cm.
500 ## - GENERAL NOTE
General note Includes Index
650 ## - SUBJECT ADDED ENTRY--TOPICAL TERM
Topical term or geographic name as entry element Employment law
650 ## - SUBJECT ADDED ENTRY--TOPICAL TERM
Topical term or geographic name as entry element smith & wood's Employment law
700 ## - ADDED ENTRY--PERSONAL NAME
Personal name Baker, Aaron
942 ## - ADDED ENTRY ELEMENTS (KOHA)
Source of classification or shelving scheme Dewey Decimal Classification
Item type Books
Holdings
Withdrawn status Lost status Source of classification or shelving scheme Damaged status Not for loan Home library Current library Shelving location Date acquired Total Checkouts Full call number Barcode Date last seen Copy number Price effective from Koha item type Public note
    Dewey Decimal Classification     Law Development Centre Main Library Law Development Centre Main Library Text Books and Laws 06/24/2014   344.4201 SMI 1108/2014 06/24/2014 1 06/24/2014 Books reserve
    Dewey Decimal Classification     Law Development Centre Main Library Law Development Centre Main Library Text Books and Laws 06/24/2014   344.4201 SMI 1109/2014 06/24/2014 2 06/24/2014 Books reserve
    Dewey Decimal Classification     Law Development Centre Main Library Law Development Centre Main Library Text Books and Laws 06/24/2014   344.4201 SMI 1110/2014 06/24/2014 3 06/24/2014 Books reserve
    Dewey Decimal Classification     Law Development Centre Main Library Law Development Centre Main Library Text Books and Laws 06/24/2014   344.4201 SMI 1113/2014 06/24/2014 4 06/24/2014 Books reserve